Libertarian Party Presidential Candidates - Statistics

General Stats
  • This quiz has been taken 55 times
    18 since last reset
  • The average score is 5 of 14
Answer Stats
Year % of Vote Answer % Correct
2012 0.99 Gary Johnson
82%
2016 3.29 Gary Johnson
82%
2020 1.18 Jo Jorgensen
71%
2024 0.42 Chase Oliver
65%
1988 0.47 Ron Paul
59%
2008 0.40 Bob Barr
53%
1980 1.06 Ed Clark
35%
1972 <0.01 John Hospers
24%
1992 0.28 Andre Marrou
18%
1984 0.25 David Bergland
12%
1996 0.50 Harry Browne
12%
2000 0.36 Harry Browne
12%
2004 0.32 Michael Badnarik
12%
1976 0.21 Roger MacBride
6%
No matching quizzes found
Score Distribution
Percent of People with Each Score
Percentile by Number Answered
Your Score History
You have not taken this quiz since the last reset